[Event "EU-Cup 38th"]
[Site "Durres"]
[Date "2023.10.01"]
[Round "1.5"]
[White "Bosman, Michiel"]
[Black "Barthel, Ansgar"]
[Result "1-0"]
[WhiteElo "2366"]
[BlackElo "2056"]
[PlyCount "83"]
[EventDate "2023.10.01"]
[EventType "team-swiss"]
[EventRounds "7"]
[EventCountry "ALB"]
[SourceTitle "EXT 2024"]
[Source "ChessBase"]
[SourceDate "2023.10.10"]
[SourceVersion "1"]
[SourceVersionDate "2023.10.10"]
[SourceQuality "1"]
[WhiteTeam "Leiden LSG"]
[BlackTeam "Differdange"]
[WhiteTeamCountry "NED"]
[BlackTeamCountry "LUX"]

1. d4 Nf6 2. c4 g6 3. Nc3 Bg7 4. e4 d6 5. Be2 0-0 6. Be3 c5 7. d5 b5 8. cxb5 a6 9. a4 Qa5 10. Bd2 axb5 11. Bxb5 Ba6 12. Ra3 Qb4 13. Rb3 Qa5 14. Nf3 Nbd7 15. 0-0 Bxb5 16. Rxb5 Qa6 17. Qb3 Ng4 18. Ra1 Rfb8 19. Ra3 Qa7 20. Nd1 Nge5 21. Nxe5 Nxe5 22. Bc3 Rxb5 23. axb5 Qb7 24. Ne3 Rb8 25. Ra5 Nd7 26. Qa2 Bd4 27. Nc2 Be5 28. h3 Nf6 29. Qa4 e6 30. Bxe5 dxe5 31. dxe6 Qxe4 32. exf7+ Kf8 33. Qb3 Qd5 34. Qe3 Qd1+ 35. Ne1 Qd4 36. Qh6+ Kxf7 37. Ra7+ Ke6 38. Ra6+ Kf7 39. Nf3 Qf4 40. Ng5+ Kg8 41. g3 Qf5 42. Ra7 1-0

[Event "NED-chT 2223"]
[Site "Netherlands"]
[Date "2022.12.17"]
[Round "5.10"]
[White "Van Roon, Sjoerd"]
[Black "Bosman, Michiel"]
[Result "0-1"]
[WhiteElo "2309"]
[BlackElo "2368"]
[PlyCount "100"]
[EventDate "2022.09.17"]
[EventType "team-tourn"]
[EventRounds "9"]
[EventCountry "NED"]
[SourceTitle "CBM 213 Extra"]
[Source "ChessBase"]
[SourceDate "2023.05.31"]
[SourceVersion "1"]
[SourceVersionDate "2023.05.31"]
[SourceQuality "1"]
[WhiteTeam "De Stukkenjagers"]
[BlackTeam "Leiden LSG"]
[WhiteTeamCountry "NED"]
[BlackTeamCountry "NED"]

1. e4 e6 2. d4 d5 3. Nc3 Bb4 4. e5 c5 5. a3 Bxc3+ 6. bxc3 Qc7 7. Qg4 Kf8 8. Qd1 b6 9. h4 Ba6 10. Bxa6 Nxa6 11. Qd3 Nb8 12. h5 h6 13. Ne2 Ne7 14. a4 Nbc6 15. Ba3 Na5 16. f4 Nc4 17. Bc1 Ke8 18. g4 Qd7 19. Ng3 f5 20. exf6 gxf6 21. g5 f5 22. Ne2 Nc8 23. Be3 Qc6 24. g6 N8d6 25. Rg1 Rg8 26. a5 Ne4 27. Nc1 Kd7 28. Ra2 Kd6 29. Nb3 Qc7 30. Ke2 Nxe3 31. dxc5+ bxc5 32. Qxe3 Qg7 33. Kf3 Qxc3 34. Qxc3 Nxc3 35. Raa1 Rab8 36. Ke3 Rg7 37. Nd2 e5 38. Kd3 Ne4 39. fxe5+ Kxe5 40. Nxe4 dxe4+ 41. Kc3 f4 42. Rab1 Rb4 43. Rxb4 cxb4+ 44. Kd2 e3+ 45. Ke2 Ke4 46. Rb1 f3+ 47. Ke1 Kf4 48. Rxb4+ Kg3 49. a6 Rc7 50. Rb7 f2+ 0-1

[Event "BEL-chT 2223"]
[Site "Belgium"]
[Date "2022.10.16"]
[Round "2.3"]
[White "Bosman, Michiel"]
[Black "Sclacmender, Julien"]
[Result "1-0"]
[WhiteElo "2366"]
[BlackElo "2218"]
[PlyCount "73"]
[EventDate "2022.09.25"]
[EventType "team-tourn"]
[EventRounds "11"]
[EventCountry "BEL"]
[SourceTitle "EXT 2024"]
[Source "ChessBase"]
[SourceDate "2023.10.10"]
[SourceVersion "1"]
[SourceVersionDate "2023.10.10"]
[SourceQuality "1"]
[WhiteTeam "Wetteren"]
[BlackTeam "Charleroi CREC"]
[WhiteTeamCountry "BEL"]
[BlackTeamCountry "BEL"]

1. d4 Nf6 2. Nf3 e6 3. c4 Bb4+ 4. Bd2 a5 5. g3 0-0 6. Bg2 d6 7. 0-0 Bxd2 8. Qxd2 Nbd7 9. Nc3 e5 10. Rfe1 exd4 11. Nxd4 Nc5 12. h3 Bd7 13. Rad1 Qb8 14. Qc2 Qa7 15. e4 Rfe8 16. Re3 Qb6 17. Kh2 a4 18. Qe2 Qb4 19. Nc2 Qb6 20. f4 Bc6 21. Nd4 Rab8 22. Rd2 Nfd7 23. Nd5 Bxd5 24. cxd5 Qb4 25. a3 Qa5 26. Rc2 Qa6 27. Qd1 Qb6 28. Rce2 Rbd8 29. Bf3 Nf6 30. Qd2 Qa6 31. Qc3 Ra8 32. e5 Nfd7 33. Nf5 dxe5 34. fxe5 Qg6 35. g4 Kh8 36. e6 fxe6 37. dxe6 1-0

[Event "NED-chT 2122"]
[Site "Netherlands"]
[Date "2022.03.12"]
[Round "7.6"]
[White "Bosman, Michiel"]
[Black "Van Delft, Merijn"]
[Result "1/2-1/2"]
[WhiteElo "2370"]
[BlackElo "2385"]
[PlyCount "42"]
[EventDate "2021.09.18"]
[EventType "team-tourn"]
[EventRounds "9"]
[EventCountry "NED"]
[SourceTitle "EXT 2023"]
[Source "ChessBase"]
[SourceDate "2022.10.05"]
[SourceVersion "1"]
[SourceVersionDate "2022.10.05"]
[SourceQuality "1"]
[WhiteTeam "Leiden LSG"]
[BlackTeam "Apeldoorn Amevo"]
[WhiteTeamCountry "NED"]
[BlackTeamCountry "NED"]

1. d4 Nf6 2. c4 g6 3. Nc3 Bg7 4. e4 d6 5. Be2 0-0 6. Be3 Nc6 7. d5 Ne5 8. Nf3 Nfg4 9. Bd2 Nxf3+ 10. Bxf3 Ne5 11. Be2 a5 12. Be3 b6 13. Qd2 e6 14. 0-0 Nd7 15. Kh1 Nc5 16. f3 f5 17. exf5 exf5 18. Nb5 Bd7 19. Nd4 Qf6 20. Rae1 Rfe8 21. Bf2 Re7 1/2-1/2

[Event "NED-chT 1920"]
[Site "Netherlands"]
[Date "2019.11.02"]
[Round "2.10"]
[White "Bosman, Michiel"]
[Black "Kollen, Zyon"]
[Result "0-1"]
[WhiteElo "2374"]
[BlackElo "2337"]
[PlyCount "70"]
[EventDate "2019.09.28"]
[EventType "team-tourn"]
[EventRounds "9"]
[EventCountry "NED"]
[SourceTitle "CBM 193 Extra"]
[Source "ChessBase"]
[SourceDate "2020.01.31"]
[SourceVersion "1"]
[SourceVersionDate "2020.01.31"]
[SourceQuality "1"]
[WhiteTeam "Leiden LSG"]
[BlackTeam "Charlois Europoort"]
[WhiteTeamCountry "NED"]
[BlackTeamCountry "NED"]

1. Nf3 Nf6 2. c4 e6 3. g3 d5 4. d4 Be7 5. Bg2 0-0 6. Qc2 c6 7. 0-0 a5 8. Rd1 Nbd7 9. Bf4 a4 10. a3 Qa5 11. Nbd2 c5 12. cxd5 Nxd5 13. Nc4 Qa6 14. Bg5 f6 15. Bd2 b5 16. Ne3 Bb7 17. Nh4 Nxe3 18. Bxe3 Bxg2 19. Nxg2 cxd4 20. Bxd4 Rac8 21. Qe4 Qc6 22. Qxc6 Rxc6 23. Nf4 Kf7 24. Nd3 Rfc8 25. f3 e5 26. Bc3 Nb6 27. Bxe5 fxe5 28. Nxe5+ Ke6 29. Nxc6 Rxc6 30. Rd2 Bf6 31. Rb1 Nc4 32. Rc2 Rd6 33. Kf2 Rd2 34. Rbc1 Rxc2 35. Rxc2 Bxb2 0-1

[Event "NED-chT 1819"]
[Site "Netherlands"]
[Date "2018.12.15"]
[Round "5.8"]
[White "Lecomte, Robin"]
[Black "Bosman, Michiel"]
[Result "1/2-1/2"]
[WhiteElo "2277"]
[BlackElo "2389"]
[PlyCount "65"]
[EventDate "2018.09.15"]
[EventType "team-tourn"]
[EventRounds "9"]
[EventCountry "NED"]
[SourceTitle "CBM 189 Extra"]
[Source "ChessBase"]
[SourceDate "2019.06.03"]
[SourceVersion "1"]
[SourceVersionDate "2019.06.03"]
[SourceQuality "1"]
[WhiteTeam "Charlois Europoort"]
[BlackTeam "Leiden LSG"]
[WhiteTeamCountry "NED"]
[BlackTeamCountry "NED"]

1. d4 Nf6 2. Nf3 e6 3. g3 b5 4. Bg2 Bb7 5. 0-0 c5 6. a4 b4 7. c4 Na6 8. Bf4 d6 9. Bg5 Be7 10. e3 0-0 11. Nfd2 Bxg2 12. Kxg2 d5 13. Qe2 Rc8 14. cxd5 Qxd5+ 15. Nf3 Nb8 16. e4 Qb7 17. e5 Nd5 18. Bxe7 Nxe7 19. Nbd2 cxd4 20. Nb3 Rfd8 21. Qb5 Qd5 22. Qxd5 Rxd5 23. Nbxd4 Nbc6 24. Nxc6 Rxc6 25. Rac1 Rdc5 26. Rxc5 Rxc5 27. Rd1 Nd5 28. Nd4 Kf8 29. Nb3 Rc2 30. Rd2 Rc7 31. Rd1 Rc2 32. Rd2 Rc7 33. Rd1 1/2-1/2

[Event "NED-chT 1819"]
[Site "Netherlands"]
[Date "2018.11.03"]
[Round "3.5"]
[White "Bosman, Michiel"]
[Black "Vedder, Richard"]
[Result "1-0"]
[WhiteElo "2389"]
[BlackElo "2283"]
[PlyCount "141"]
[EventDate "2018.09.15"]
[EventType "team-tourn"]
[EventRounds "9"]
[EventCountry "NED"]
[SourceTitle "CBM 187 Extra"]
[Source "ChessBase"]
[SourceDate "2018.11.04"]
[SourceVersion "1"]
[SourceVersionDate "2018.11.04"]
[SourceQuality "1"]
[WhiteTeam "Leiden LSG"]
[BlackTeam "En Passant"]
[WhiteTeamCountry "NED"]
[BlackTeamCountry "NED"]

1. Nf3 g6 2. c4 c5 3. d4 cxd4 4. Nxd4 Bg7 5. e4 Nc6 6. Be3 Nf6 7. Nc3 Ng4 8. Qxg4 Nxd4 9. Qd1 Ne6 10. Rc1 Qa5 11. Qd2 g5 12. Be2 Qe5 13. 0-0 h5 14. c5 g4 15. Rfd1 Kf8 16. Qc2 Bh6 17. Rd5 Qg7 18. Qd2 Bxe3 19. Qxe3 Qf6 20. Bc4 Qf4 21. Qxf4 Nxf4 22. Rf5 Ne6 23. Rd1 Nd8 24. Rdd5 h4 25. Rh5 Rg8 26. Rxh4 Nc6 27. Rh7 e6 28. Rdh5 b6 29. e5 bxc5 30. Ne4 Ke7 31. Nxc5 Nxe5 32. Rxe5 d6 33. Re4 dxc5 34. Rf4 Rf8 35. Rxg4 e5 36. Rg5 Kf6 37. Rg3 Bf5 38. Rh5 Rh8 39. Rxh8 Rxh8 40. Rf3 e4 41. Ra3 Rd8 42. h3 Rd1+ 43. Kh2 Rd2 44. Kg3 Rxb2 45. Rxa7 Bg6 46. Bb3 Ke5 47. Rd7 f5 48. Rd5+ Kf6 49. Rxc5 f4+ 50. Kxf4 Rxf2+ 51. Kg3 Rd2 52. Rc6+ Kf5 53. Rc5+ Kf6 54. Rd5 Re2 55. Rd6+ Kf5 56. Be6+ Ke5 57. Bg4 Rxg2+ 58. Kxg2 Kxd6 59. Kf2 Bf7 60. a3 Kc5 61. Ke3 Kc4 62. Bd7 Bg6 63. Bc6 Kb3 64. a4 Kb4 65. h4 Ka5 66. Bxe4 Be8 67. Bc2 Kb4 68. Kd4 Bh5 69. Ke5 Be8 70. Bd1 Bg6 71. Kf6 1-0

[Event "EU-Cup 34th"]
[Site "Porto Carras"]
[Date "2018.10.13"]
[Round "2.4"]
[White "Guseinov, Gadir"]
[Black "Bosman, Michiel"]
[Result "1-0"]
[WhiteElo "2667"]
[BlackElo "2390"]
[PlyCount "57"]
[EventDate "2018.10.12"]
[EventType "team-swiss"]
[EventRounds "7"]
[EventCountry "GRE"]
[SourceTitle "CBM 187"]
[Source "ChessBase"]
[SourceDate "2018.12.11"]
[SourceVersion "1"]
[SourceVersionDate "2018.12.11"]
[SourceQuality "1"]
[WhiteTeam "Odlar Yurdu"]
[BlackTeam "Leiden LSG"]
[WhiteTeamCountry "AZE"]
[BlackTeamCountry "NED"]

1. e4 e5 2. Nf3 Nc6 3. Bb5 Nf6 4. 0-0 Nxe4 5. d4 Nd6 6. dxe5 Nxb5 7. a4 Nbd4 8. Nxd4 d5 9. Nxc6 bxc6 10. Nd2 c5 11. Qf3 Be6 12. Qg3 Qd7 13. Rd1 h6 14. b3 Qc6 15. Nf1 Be7 16. a5 d4 17. b4 g5 18. bxc5 Bxc5 19. Ba3 Rd8 20. c3 Bxa3 21. Rxa3 d3 22. Qe3 Bf5 23. Qxa7 Ra8 24. Qd4 Bg6 25. Qb4 Kd7 26. Ne3 Rhd8 27. h4 Qe4 28. h5 Qxb4 29. cxb4 1-0

[Event "NED-chT 1819"]
[Site "Netherlands"]
[Date "2018.10.06"]
[Round "2.4"]
[White "Bosman, Michiel"]
[Black "Klein, David"]
[Result "0-1"]
[WhiteElo "2389"]
[BlackElo "2492"]
[PlyCount "98"]
[EventDate "2018.09.15"]
[EventType "team-tourn"]
[EventRounds "9"]
[EventCountry "NED"]
[SourceTitle "CBM 187 Extra"]
[Source "ChessBase"]
[SourceDate "2018.11.04"]
[SourceVersion "1"]
[SourceVersionDate "2018.11.04"]
[SourceQuality "1"]
[WhiteTeam "Leiden LSG"]
[BlackTeam "Kennemer Combinatie"]
[WhiteTeamCountry "NED"]
[BlackTeamCountry "NED"]

1. d4 f5 2. Bg5 h6 3. Bh4 g5 4. e3 Nf6 5. Bg3 d6 6. h4 Rg8 7. hxg5 hxg5 8. Nc3 e6 9. Qd2 Qe7 10. 0-0-0 Nc6 11. f3 Bd7 12. Nge2 Bg7 13. Kb1 a6 14. Nc1 Nd5 15. Nxd5 exd5 16. f4 Bf6 17. Bd3 0-0-0 18. c3 Rde8 19. Rde1 Qg7 20. Rh3 Nd8 21. Reh1 Qe7 22. fxg5 Bxg5 23. Bf4 Rg7 24. Qf2 Reg8 25. Ne2 Nf7 26. g3 Bf6 27. Rh7 Kb8 28. Rxg7 Rxg7 29. Qf3 Ka7 30. Rh5 Ng5 31. Qxd5 Ne4 32. Qa5 Nf2 33. Bc2 Bb5 34. c4 Bxc4 35. Nc3 Bxd4 36. Qxf5 Bxe3 37. b3 Bf7 38. Rh2 Bd4 39. Bd2 Bg6 40. Qf3 Ng4 41. Re2 Ne5 42. Qd5 Bb6 43. Bf4 Qf8 44. Bxe5 Bxc2+ 45. Rxc2 dxe5 46. Qxe5 Re7 47. Qf4 Qh8 48. Re2 Qxc3 49. Rxe7 Qd3+ 0-1

[Event "EU-ch 19th"]
[Site "Batumi"]
[Date "2018.03.20"]
[Round "4"]
[White "Lomasov, Semen"]
[Black "Bosman, Michiel"]
[Result "1-0"]
[WhiteElo "2551"]
[BlackElo "2398"]
[PlyCount "85"]
[EventDate "2018.03.17"]
[EventType "swiss"]
[EventRounds "11"]
[EventCountry "GEO"]
[SourceTitle "CBM 184"]
[Source "ChessBase"]
[SourceDate "2018.05.16"]
[SourceVersion "1"]
[SourceVersionDate "2018.05.16"]
[SourceQuality "1"]

1. e4 e5 2. Nf3 Nc6 3. d4 exd4 4. Nxd4 Nf6 5. Nxc6 bxc6 6. Qe2 d6 7. Nc3 Be7 8. g3 0-0 9. Bg2 Nd7 10. b3 Bf6 11. Bb2 Bb7 12. 0-0-0 c5 13. f4 Bd4 14. Na4 Bxb2+ 15. Nxb2 Nb6 16. e5 Bxg2 17. Qxg2 Qd7 18. c4 a5 19. a4 Rfd8 20. Rhe1 Ra7 21. Nd3 Qc8 22. g4 Nd7 23. Kc2 Ra6 24. e6 fxe6 25. Rxe6 Nf8 26. Re3 c6 27. f5 Ra7 28. Nf4 Rad7 29. Qf3 Qb7 30. Ne6 Re8 31. Nxf8 Rxf8 32. Qe4 d5 33. Qe6+ Rdf7 34. cxd5 cxd5 35. Qxd5 Qb8 36. Rd2 h6 37. Re7 c4 38. Qxc4 Kh7 39. Rxf7 Rc8 40. Qxc8 Qxc8+ 41. Kb2 Kh8 42. f6 gxf6 43. Rdd7 1-0

[Event "NED-chT 1718"]
[Site "Netherlands"]
[Date "2017.12.16"]
[Round "5.6"]
[White "Bosman, Michiel"]
[Black "Reinderman, Dimitri"]
[Result "1/2-1/2"]
[WhiteElo "2402"]
[BlackElo "2573"]
[PlyCount "54"]
[EventDate "2017.09.16"]
[EventType "team-tourn"]
[EventRounds "9"]
[EventCountry "NED"]
[SourceTitle "EXT 2019"]
[Source "ChessBase"]
[SourceDate "2018.10.10"]
[SourceVersion "1"]
[SourceVersionDate "2018.10.10"]
[SourceQuality "1"]
[WhiteTeam "Leiden LSG"]
[BlackTeam "Rotterdam Pathena"]
[WhiteTeamCountry "NED"]
[BlackTeamCountry "NED"]

1. Nf3 c5 2. c4 Nc6 3. d4 cxd4 4. Nxd4 g6 5. e4 Bg7 6. Be3 Nf6 7. Nc3 0-0 8. Be2 d6 9. 0-0 Bd7 10. Qd2 Nxd4 11. Bxd4 Bc6 12. f3 a5 13. b3 Nd7 14. Bf2 Nc5 15. Rab1 Be5 16. Bd1 Qb6 17. a3 Qc7 18. Bc2 Rfc8 19. Rfe1 b6 20. b4 axb4 21. axb4 Nd7 22. Bb3 Ra3 23. Rec1 e6 24. Ne2 Qa7 25. Nd4 Ba4 26. Bd1 Qa8 27. Be2 Bc6 1/2-1/2

[Event "Haarlem Masters"]
[Site "Haarlem"]
[Date "2017.10.27"]
[Round "7"]
[White "Bosman, Michiel"]
[Black "Blees, Albert"]
[Result "1/2-1/2"]
[WhiteElo "2400"]
[BlackElo "2371"]
[PlyCount "49"]
[EventDate "2017.10.21"]
[EventType "tourn"]
[EventRounds "9"]
[EventCountry "NED"]
[EventCategory "4"]
[SourceTitle "CBM 181 Extra"]
[Source "ChessBase"]
[SourceDate "2017.12.12"]
[SourceVersion "1"]
[SourceVersionDate "2017.12.12"]
[SourceQuality "1"]

1. c4 f5 2. Nf3 Nf6 3. g3 d6 4. d4 g6 5. b4 Bg7 6. Bb2 e6 7. Nbd2 a5 8. a3 b6 9. Bg2 Bb7 10. 0-0 Qe7 11. Bc3 a4 12. Qc2 0-0 13. Rad1 Nbd7 14. Ne1 Bxg2 15. Nxg2 c6 16. e4 fxe4 17. Nxe4 b5 18. d5 exd5 19. Nxf6+ Bxf6 20. cxb5 cxb5 21. Bxf6 Nxf6 22. Qd3 Qd7 23. Nf4 Rae8 24. Nxd5 Ng4 25. Ne3 1/2-1/2

[Event "Haarlem Masters"]
[Site "Haarlem"]
[Date "2017.10.24"]
[Round "4"]
[White "Klek, Hanna Marie"]
[Black "Bosman, Michiel"]
[Result "1-0"]
[WhiteElo "2362"]
[BlackElo "2400"]
[PlyCount "105"]
[EventDate "2017.10.21"]
[EventType "tourn"]
[EventRounds "9"]
[EventCountry "NED"]
[EventCategory "4"]
[SourceTitle "CBM 181 Extra"]
[Source "ChessBase"]
[SourceDate "2017.12.12"]
[SourceVersion "1"]
[SourceVersionDate "2017.12.12"]
[SourceQuality "1"]

1. e4 e6 2. d4 d5 3. Nd2 Be7 4. e5 c5 5. Qg4 Kf8 6. dxc5 Nc6 7. Qg3 f6 8. Ngf3 Nh6 9. Bd3 Nf7 10. exf6 gxf6 11. Nb3 e5 12. Bb5 Bf5 13. Bxc6 bxc6 14. 0-0 Qd7 15. Ne1 Rg8 16. Qc3 Rd8 17. f3 Kg7 18. Kh1 Kh8 19. Na5 d4 20. Qa3 Qd5 21. b4 Rg7 22. Qb3 Qd7 23. Nc4 Be6 24. Qd3 f5 25. Na5 Bf6 26. Bb2 Bd5 27. c4 Be6 28. a4 Qc7 29. Rd1 Nh6 30. Qd2 Ng8 31. Qf2 Rgd7 32. Nd3 Ne7 33. Rfe1 Ng6 34. Re2 Bf7 35. Qe1 Re7 36. Bc1 Rde8 37. Nf2 Nf4 38. Bxf4 exf4 39. Rxe7 Rxe7 40. Qd2 Re3 41. Nd3 Be8 42. Rb1 a6 43. h3 Bd8 44. Nb3 Qg7 45. Nbc1 Bh5 46. Nxf4 Bf7 47. Nce2 Bc7 48. b5 Bxc4 49. b6 Bb8 50. Nxd4 Bxf4 51. Nxf5 Qc3 52. Qd8+ Bg8 53. Nxe3 1-0

[Event "NED-chT 1617"]
[Site "Netherlands"]
[Date "2017.05.06"]
[Round "9.1"]
[White "Bosman, Michiel"]
[Black "Van Overdam, Julian"]
[Result "1/2-1/2"]
[WhiteElo "2352"]
[BlackElo "2351"]
[PlyCount "62"]
[EventDate "2016.09.17"]
[EventType "team-tourn"]
[EventRounds "9"]
[EventCountry "NED"]
[SourceTitle "EXT 2018"]
[Source "ChessBase"]
[SourceDate "2017.10.13"]
[SourceVersion "1"]
[SourceVersionDate "2017.10.13"]
[SourceQuality "1"]
[WhiteTeam "Leiden LSG"]
[BlackTeam "Charlois Europoort"]
[WhiteTeamCountry "NED"]
[BlackTeamCountry "NED"]

1. d4 Nf6 2. Nf3 e6 3. c4 Bb4+ 4. Bd2 Qe7 5. g3 Nc6 6. Nc3 Bxc3 7. Bxc3 Ne4 8. Rc1 d6 9. d5 Nxc3 10. Rxc3 Nb8 11. dxe6 fxe6 12. Bg2 Nd7 13. 0-0 0-0 14. Nd4 c6 15. Nc2 Nf6 16. e4 e5 17. Rd3 Be6 18. Ne3 Rad8 19. b3 Rd7 20. Qd2 Ng4 21. Nxg4 Bxg4 22. Qe3 a6 23. h3 Bh5 24. Rc1 Rfd8 25. Qb6 h6 26. Rc2 Bf7 27. Rcd2 Be6 28. a4 Kh7 29. Kh2 Kg8 30. Kg1 Kh7 31. Kh2 Kg8 1/2-1/2

[Event "Karlsruhe Grenke op"]
[Site "Karlsruhe"]
[Date "2017.04.17"]
[Round "9"]
[White "Danin, Alexandre"]
[Black "Bosman, Michiel"]
[Result "1-0"]
[WhiteElo "2564"]
[BlackElo "2398"]
[PlyCount "105"]
[EventDate "2017.04.13"]
[EventType "swiss"]
[EventRounds "9"]
[EventCountry "GER"]
[SourceTitle "CBM 177 Extra"]
[Source "ChessBase"]
[SourceDate "2017.04.27"]
[SourceVersion "1"]
[SourceVersionDate "2017.04.27"]
[SourceQuality "1"]

1. e4 e6 2. Nc3 d5 3. Nf3 Nf6 4. e5 Nfd7 5. d4 c5 6. dxc5 Nc6 7. Bf4 a6 8. Bd3 Nxc5 9. h4 h6 10. h5 b5 11. Rh3 Bb7 12. Kf1 Rc8 13. a3 Nxd3 14. cxd3 Qb6 15. Ne2 b4 16. a4 a5 17. Be3 Bc5 18. Bxc5 Qxc5 19. Qc1 Qb6 20. Qf4 Ba6 21. Nfd4 Nxd4 22. Nxd4 Rc7 23. Kg1 b3 24. Rg3 Rg8 25. Ra3 Qb4 26. Rxb3 Qxa4 27. Kh2 Rb7 28. Rxb7 Bxb7 29. Nxe6 Qxf4 30. Nxf4 Kd7 31. d4 Bc6 32. Nd3 Ke7 33. Nc5 a4 34. Ra3 Rb8 35. Nxa4 Rb4 36. Nc5 Rxd4 37. Ra7+ Ke8 38. Rc7 Bb5 39. Nb7 Bd7 40. Nd6+ Kd8 41. Ra7 Rd2 42. Nxf7+ Ke7 43. f4 Rf2 44. Kg3 Rf1 45. Nd6 Kd8 46. Nb7+ Ke8 47. Nc5 Bf5 48. Rxg7 d4 49. e6 d3 50. Rd7 Re1 51. Rd5 Ke7 52. Kf2 Re2+ 53. Kf3 1-0

[Event "NED-chT 1617"]
[Site "Netherlands"]
[Date "2017.03.11"]
[Round "7.3"]
[White "Admiraal, Miguoel"]
[Black "Bosman, Michiel"]
[Result "1-0"]
[WhiteElo "2444"]
[BlackElo "2352"]
[PlyCount "167"]
[EventDate "2016.09.17"]
[EventType "team-tourn"]
[EventRounds "9"]
[EventCountry "NED"]
[SourceTitle "EXT 2018"]
[Source "ChessBase"]
[SourceDate "2017.10.13"]
[SourceVersion "1"]
[SourceVersionDate "2017.10.13"]
[SourceQuality "1"]
[WhiteTeam "Kennemer Combinatie"]
[BlackTeam "Leiden LSG"]
[WhiteTeamCountry "NED"]
[BlackTeamCountry "NED"]

1. e4 e5 2. Nf3 Nc6 3. Bc4 Bc5 4. 0-0 Nf6 5. d3 d6 6. c3 a6 7. Re1 Ba7 8. a4 h6 9. Na3 0-0 10. Nc2 Ne7 11. Be3 Ng6 12. Bxa7 Rxa7 13. d4 Re8 14. dxe5 dxe5 15. Qxd8 Rxd8 16. Rad1 Bd7 17. a5 Raa8 18. Ne3 Kf8 19. Nd2 Ba4 20. b3 Bc6 21. f3 Rd7 22. b4 Rad8 23. Nb3 Rxd1 24. Rxd1 Rxd1+ 25. Nxd1 Ne7 26. Ne3 Nc8 27. Nc5 Nd6 28. Bb3 Ke7 29. Kf2 Bd7 30. Ke1 Bc8 31. Kd2 h5 32. Nd3 Nd7 33. Nf2 c6 34. Kd3 g6 35. Kd2 f5 36. exf5 gxf5 37. g3 Nf8 38. Nd3 Ng6 39. f4 Ne4+ 40. Kc2 exf4 41. Nxf4 Nxf4 42. gxf4 Be6 43. Bxe6 Kxe6 44. Kd3 c5 45. Kc4 cxb4 46. cxb4 Nf6 47. Nc2 Ng4 48. Nd4+ Kd7 49. h4 Ne3+ 50. Kc5 Ng2 51. Kb6 Kc8 52. Nxf5 Nxf4 53. Nd6+ Kb8 54. Nxb7 Nd5+ 55. Kxa6 Nxb4+ 56. Kb6 Nd5+ 57. Kc5 Ne7 58. Nd6 Ka7 59. Kb5 Ka8 60. Kb6 Nd5+ 61. Kc5 Ne7 62. a6 Ka7 63. Kb5 Nd5 64. Ka5 Kb8 65. Nb5 Ka8 66. Nd4 Ka7 67. Nb5+ Kb8 68. Ka4 Kc8 69. Kb3 Kd7 70. Kc4 Nb6+ 71. Kc5 Na4+ 72. Kd5 Nb6+ 73. Ke5 Kc6 74. Nd4+ Kc7 75. Kf5 Nc8 76. Kg5 Kb6 77. Kxh5 Nd6 78. Kg6 Nc4 79. h5 Ne5+ 80. Kf5 Nf7 81. Kf6 Nh6 82. Kg6 Ng4 83. Nf3 Kxa6 84. Kg5 1-0

[Event "NED-chT 1617"]
[Site "Netherlands"]
[Date "2016.11.26"]
[Round "4.7"]
[White "Bosman, Michiel"]
[Black "Lammens, Tim"]
[Result "1-0"]
[WhiteElo "2352"]
[BlackElo "2286"]
[PlyCount "103"]
[EventDate "2016.09.17"]
[EventType "team-tourn"]
[EventRounds "9"]
[EventCountry "NED"]
[SourceTitle "EXT 2018"]
[Source "ChessBase"]
[SourceDate "2017.10.13"]
[SourceVersion "1"]
[SourceVersionDate "2017.10.13"]
[SourceQuality "1"]
[WhiteTeam "Leiden LSG"]
[BlackTeam "Apeldoorn"]
[WhiteTeamCountry "NED"]
[BlackTeamCountry "NED"]

1. Nf3 Nf6 2. c4 d6 3. d4 Nbd7 4. Nc3 e5 5. e4 g6 6. h3 exd4 7. Nxd4 Bg7 8. g3 0-0 9. Bg2 a6 10. Be3 Rb8 11. a4 Re8 12. 0-0 Nc5 13. Qc2 a5 14. Rad1 Qe7 15. f3 c6 16. Bf2 Nh5 17. f4 Be6 18. b3 Rbd8 19. Kh2 Bc8 20. Rfe1 Qc7 21. Re3 Nf6 22. Nf3 Nfd7 23. Ne2 Na6 24. g4 Nb4 25. Qb1 Nf6 26. Ng3 Nd7 27. Nd4 Nc5 28. Bg1 Bxd4 29. Rxd4 Ne6 30. Rf3 Nxd4 31. Bxd4 d5 32. Bf6 Rd6 33. e5 Rxf6 34. exf6 d4 35. f5 g5 36. Qc1 Kh8 37. Qxg5 Rg8 38. Qd2 Qe5 39. Rf4 c5 40. Nh5 Bd7 41. Kg1 Bc6 42. Rf2 Bxg2 43. Kxg2 Qe4+ 44. Kh2 d3 45. Qf4 Qe1 46. Ng3 Re8 47. Rf1 d2 48. Qd6 Nc2 49. Qd7 Kg8 50. g5 Nd4 51. g6 Re2+ 52. Kh1 1-0

[Event "EU-Cup 32nd"]
[Site "Novi Sad"]
[Date "2016.11.10"]
[Round "5.4"]
[White "Radovanovic, Mihajlo"]
[Black "Bosman, Michiel"]
[Result "0-1"]
[WhiteElo "2370"]
[BlackElo "2353"]
[PlyCount "98"]
[EventDate "2016.11.06"]
[EventType "team-swiss"]
[EventRounds "7"]
[EventCountry "SRB"]
[SourceTitle "CBM 176"]
[Source "ChessBase"]
[SourceDate "2017.01.17"]
[SourceVersion "1"]
[SourceVersionDate "2017.01.17"]
[SourceQuality "1"]
[WhiteTeam "Jelica Goracici"]
[BlackTeam "Leiden LSG"]
[WhiteTeamCountry "SRB"]
[BlackTeamCountry "NED"]

1. d4 Nf6 2. c4 e6 3. Nf3 d5 4. Nc3 Bb4 5. cxd5 exd5 6. Bf4 c6 7. Qc2 g6 8. e3 Bf5 9. Qb3 Qb6 10. Nh4 Be6 11. Bd3 Nh5 12. Be5 0-0 13. g4 Ng7 14. Bxg7 Kxg7 15. Qc2 Qd8 16. Ng2 Bxg4 17. Nf4 Qh4 18. h3 Bh5 19. Nxh5+ Qxh5 20. h4 Qf3 21. Rg1 Re8 22. Be2 Qe4 23. Qb3 Bxc3+ 24. bxc3 b6 25. Bg4 Qe7 26. h5 Nd7 27. Bxd7 Qxd7 28. Ke2 Re6 29. Rg5 Rae8 30. Rh1 Rf6 31. Qb1 h6 32. hxg6 fxg6 33. Rg3 Qf5 34. Qxf5 Rxf5 35. Rhg1 g5 36. R1g2 c5 37. Rg4 cxd4 38. Rxd4 Rc8 39. Kd3 h5 40. e4 dxe4+ 41. Kxe4 Rcf8 42. Rd7+ Kg6 43. Rd6+ R8f6 44. Rxf6+ Kxf6 45. f3 Re5+ 46. Kd4 Ra5 47. Rd2 Rc5 48. Re2 Kf5 49. Re4 Ra5 0-1